000 00274nam a22001337a 4500
008 260311b ||||| |||| 00| 0 eng d
020 _a9951050271
041 _aeng
080 _a2.1
100 _a20.1
101 _aNgjarje
245 _aPetrit Kotrri
942 _2udc
_cBK
999 _c60882
_d60882